MARC

LEADER 00000nam0a2200000 4500
001 317551
005 20231102003003.0
035 |a (RuTPU)RU\TPU\book\343019 
090 |a 317551 
100 |a 20160411d1957 k y0rusy50 ca 
101 0 |a rus 
102 |a RU 
105 |a a z 001zy 
200 1 |a Силовые здания гидроэлектрических станций и их оборудование  |f А. А. Бережной 
205 |a 2-е изд., перераб. и доп. 
210 |a Москва  |a Ленинград  |c Госэнергоиздат  |d 1957 
215 |a 272 с.  |c ил. 
320 |a Библиогр.: с. 271-272 
606 1 |a Гидроэлектрические станции  |x Гидросиловое оборудование  |2 stltpush  |3 (RuTPU)RU\TPU\subj\7110  |9 34838 
610 1 |a силовые здания 
610 1 |a русловые здания 
610 1 |a открытые здания 
610 1 |a совмещенные здания 
610 1 |a подземные здания 
610 1 |a оборудование 
610 1 |a спиральные камеры 
610 1 |a отсасывающие трубы 
610 1 |a водосбросы 
610 1 |a турбины 
610 1 |a генераторы 
610 1 |a сервомоторы 
610 1 |a основное оборудование 
610 1 |a вспомогательное оборудование 
610 1 |a затворы 
610 1 |a контрольно-измерительные устройства 
610 1 |a монтаж 
610 1 |a демонтаж 
610 1 |a охлаждение 
610 1 |a станционные узлы 
610 1 |a конструирование 
610 1 |a расчеты 
675 |a 621.311.21.002.5:621.224  |v 4 
700 1 |a Бережной  |b А. А.  |g Алексей Александрович 
801 1 |a RU  |b 63413507  |c 20160411 
801 2 |a RU  |b 63413507  |c 20171030  |g RCR 
942 |c BK